000 00976nam a22003017a 4500
001 7256
003 FISKH
005 20250704133717.0
008 250704b cb ||||| |||| 00| 0 eng d
020 _a9780152047603
040 _aDLC
_cDLC
_dDLC
_beng
050 _a PZ7.R982 M
082 _a 813.54
100 1 _aRylant, Cynthia
_d(1954-)
245 1 0 _aMr. Putter & Tabby catch the cold /
_cCynthia Rylant ; Illustrated by Arthur Howard.
250 _aThis edition first published in 2002
260 _aSan Diego :
_bHarcourt,
_c2002.
300 _a38 unnumbered pages :
_bcolor illustrations ;
_c23 cm.
505 _aJ
520 _aWhen Mr. Putter catches a cold, his friend Mrs. Teaberry sends over some special treats to help him feel better.
521 8 _a470
_bLexile
521 8 _aJ
_bRaz-Plus
650 1 _aCold (Disease)
_vFiction.
650 1 _aSick
_vFiction.
700 1 _aHoward, Arthur
_eillustrator
942 _2ddc
_cBK
_n0
999 _c7256
_d7256